[Event "Paul Keres mem (27th)"]
[Site "Vancouver CAN"]
[Date "2002.05.20"]
[Round "6.10"]
[White "Fullbrook, Nigel"]
[Black "Lee, Mau Seng"]
[Result "1-0"]
[WhiteElo "2207"]
[BlackElo "2005"]
[PlyCount "49"]
[EventDate "2002.05.17"]
[EventType "swiss"]
[EventRounds "7"]
[EventCountry "CAN"]

1. e4 c5 2. Nf3 e6 3. d4 cxd4 4. Nxd4 d6 5. Nc3 a6 6. a4 Nf6 7. Bd3 Nbd7 8. O-O
Ne5 9. Kh1 Nxd3 10. cxd3 Be7 11. Be3 O-O 12. a5 Bd7 13. f3 Rc8 14. Qb3 e5 15.
Nde2 Bc6 16. d4 exd4 17. Nxd4 d5 18. Rfd1 Bd6 19. exd5 Bd7 20. Qxb7 Qe7 21. Bg1
Nh5 22. Ne4 Qh4 23. Qxd7 Ng3+ 24. Nxg3 Bxg3 25. Nf5 1-0

[Event "Paul Keres mem (27th)"]
[Site "Vancouver CAN"]
[Date "2002.05.20"]
[Round "6.11"]
[White "Oszvald, Joseph"]
[Black "Stephens, Desmond"]
[Result "1/2-1/2"]
[WhiteElo "2156"]
[BlackElo "1787"]
[PlyCount "92"]
[EventDate "2002.05.17"]
[EventType "swiss"]
[EventRounds "7"]
[EventCountry "CAN"]

1. e4 d6 2. d4 Nf6 3. Nc3 e6 4. Be3 Be7 5. f3 Nbd7 6. Qd2 c6 7. g4 h6 8. Nge2
b6 9. Ng3 Bb7 10. Bg2 Qc7 11. h4 O-O-O 12. O-O-O Ne8 13. f4 f6 14. g5 Nf8 15.
Bh3 Kb8 16. d5 Bc8 17. dxe6 hxg5 18. hxg5 Nxe6 19. Bxe6 Rxh1 20. Rxh1 Bxe6 21.
f5 Bc4 22. g6 d5 23. exd5 Bxd5 24. Nxd5 Rxd5 25. Qf2 Kb7 26. c4 Rd8 27. Nh5 Rd3
28. Nf4 Rd7 29. Ne6 Qe5 30. Qf4 Qa5 31. Kb1 Bd6 32. Qf2 Bb4 33. Bc1 Qe5 34. a3
Qe4+ 35. Qc2 Qxh1 36. axb4 Qd1 37. Qxd1 Rxd1 38. Kc2 Rf1 39. Bf4 Rf3 40. c5 Ka6
41. b3 Kb7 42. Kb2 Kc8 43. Ka3 Kb7 44. Nd8+ Kc8 45. Ne6 Kb7 46. Nd8+ Kc8
1/2-1/2

[Event "Paul Keres mem (27th)"]
[Site "Vancouver CAN"]
[Date "2002.05.20"]
[Round "6.12"]
[White "Yousefzadeh, Mehrdad"]
[Black "North, Robert"]
[Result "0-1"]
[WhiteElo "2041"]
[BlackElo "2125"]
[PlyCount "104"]
[EventDate "2002.05.17"]
[EventType "swiss"]
[EventRounds "7"]
[EventCountry "CAN"]

1. d4 Nf6 2. c4 g6 3. Nc3 d5 4. Qb3 dxc4 5. Qxc4 a6 6. Nf3 Bg7 7. e4 b5 8. Qd3
Bb7 9. a3 O-O 10. Be2 c5 11. d5 Nbd7 12. O-O Qc7 13. Ng5 h6 14. Nh3 b4 15. axb4
cxb4 16. Nd1 Nc5 17. Qc4 a5 18. f3 Nfd7 19. Be3 Ba6 20. Qc2 Bxe2 21. Qxe2 Nb3
22. Rb1 Rfc8 23. Rf2 Ne5 24. f4 Nc4 25. e5 a4 26. Qd3 Nxe3 27. Nxe3 Qb6 28. Kh1
Qd4 29. Qxd4 Nxd4 30. Rd2 Nb3 31. Rc2 g5 32. g3 f6 33. e6 g4 34. Nf2 f5 35. Nd3
Rxc2 36. Nxc2 Nd2 37. Rd1 Nc4 38. Ncxb4 Nxb2 39. Nxb2 Bxb2 40. Nc6 Bf6 41. Rd2
a3 42. Ra2 Kf8 43. Kg2 Bb2 44. Kf2 Ra4 45. Ke3 Rc4 46. Kd3 Rc3+ 47. Kd2 Rc5 48.
Nb4 Bc3+ 49. Kc2 Bxb4+ 50. Kb3 Rb5 51. Rc2 Bd6+ 52. Ka2 Rxd5 0-1

[Event "Paul Keres mem (27th)"]
[Site "Vancouver CAN"]
[Date "2002.05.20"]
[Round "6.14"]
[White "Schuetzhold, Ralf"]
[Black "Bau, Edmund"]
[Result "1/2-1/2"]
[WhiteElo "2153"]
[BlackElo "2087"]
[PlyCount "69"]
[EventDate "2002.05.17"]
[EventType "swiss"]
[EventRounds "7"]
[EventCountry "CAN"]

1. e4 d5 2. exd5 Qxd5 3. Nc3 Qa5 4. d4 c6 5. Nf3 Nf6 6. Bd3 e6 7. O-O Be7 8.
Bf4 Nbd7 9. Ne4 O-O 10. Nd6 Nh5 11. Nc4 Qd8 12. Bd2 Nhf6 13. Nce5 Qc7 14. Re1
b6 15. c3 Bb7 16. Ng5 h6 17. Ngf3 Rad8 18. Qc1 h5 19. Bf4 Bd6 20. h3 c5 21. Qd2
Bxf3 22. gxf3 cxd4 23. cxd4 Nd5 24. Rac1 Qb8 25. Bg3 Nxe5 26. Bxe5 f6 27. Bxd6
Qxd6 28. Re4 g5 29. h4 Nf4 30. Bc4 Kg7 31. hxg5 Nh3+ 32. Kf1 Nxg5 33. Rf4 e5
34. Rf5 Qxd4 35. Rxg5+ 1/2-1/2

[Event "Paul Keres mem (27th)"]
[Site "Vancouver CAN"]
[Date "2002.05.20"]
[Round "6.15"]
[White "Fleming, Balin"]
[Black "Mandic, Slaven"]
[Result "0-1"]
[WhiteElo "1843"]
[BlackElo "2079"]
[PlyCount "40"]
[EventDate "2002.05.17"]
[EventType "swiss"]
[EventRounds "7"]
[EventCountry "CAN"]

1. e4 b6 2. d4 Bb7 3. Nc3 e6 4. f4 Bb4 5. Bd3 Nf6 6. Qe2 c5 7. Nf3 Nc6 8. Be3
d5 9. Bb5 Nxe4 10. Bd2 Bxc3 11. Bxc3 Nxc3 12. bxc3 O-O 13. Bxc6 Bxc6 14. Ne5
Ba4 15. h4 cxd4 16. cxd4 Qc7 17. Rc1 f6 18. Ng6 hxg6 19. h5 Qxf4 20. Qxe6+ Rf7
0-1

[Event "Paul Keres mem (27th)"]
[Site "Vancouver CAN"]
[Date "2002.05.20"]
[Round "6.16"]
[White "Wu, Howard"]
[Black "Steininger, Gavin"]
[Result "1-0"]
[WhiteElo "2222"]
[BlackElo "1815"]
[PlyCount "47"]
[EventDate "2002.05.17"]
[EventType "swiss"]
[EventRounds "7"]
[EventCountry "CAN"]

1. e4 c5 2. Nf3 d6 3. d4 cxd4 4. Nxd4 Nf6 5. Nc3 a6 6. Bg5 e6 7. f4 Qb6 8. Qd2
Qxb2 9. Rb1 Qa3 10. f5 Qa5 11. fxe6 fxe6 12. Be2 Be7 13. O-O O-O 14. Nd5 Qd8
15. Nb6 Ra7 16. Qe3 e5 17. Nxc8 exd4 18. Qb3+ Kh8 19. Nxa7 b5 20. Bxf6 Bxf6 21.
Nxb5 axb5 22. Bxb5 Qe7 23. Bc4 Rc8 24. Qxb8 1-0

[Event "Paul Keres mem (27th)"]
[Site "Vancouver CAN"]
[Date "2002.05.20"]
[Round "6.17"]
[White "Krzyzowski, Ernest"]
[Black "Chapman, Erik"]
[Result "0-1"]
[WhiteElo "1787"]
[BlackElo "2055"]
[PlyCount "96"]
[EventDate "2002.05.17"]
[EventType "swiss"]
[EventRounds "7"]
[EventCountry "CAN"]

1. c4 e5 2. Nc3 f5 3. d4 exd4 4. Qxd4 Nc6 5. Qd3 d6 6. Nf3 Nf6 7. Bg5 Be7 8. e3
O-O 9. Be2 Ne5 10. Nxe5 dxe5 11. Rd1 c6 12. Qc2 Qc7 13. O-O h6 14. Bxf6 Rxf6
15. Rd2 Be6 16. Rfd1 Kh8 17. Qa4 g6 18. b4 Rff8 19. c5 b5 20. Qa6 Bc8 21. Nxb5
cxb5 22. Qxg6 Bf6 23. Qxh6+ Kg8 24. Rd6 Qg7 25. Qxg7+ Kxg7 26. Bxb5 Rb8 27. a4
Be7 28. R6d5 Kf6 29. f4 exf4 30. exf4 a6 31. Bxa6 Bxa6 32. b5 Bc8 33. c6 Be6
34. Re5 Rbd8 35. Rde1 Rd6 36. g4 Bd8 37. g5+ Kf7 38. g6+ Kf6 39. h3 Bb6+ 40.
Kh2 Rg8 41. Rc1 Rd2+ 42. Kh1 Bd5+ 43. Rxd5 Rxd5 44. c7 Rc5 45. Rxc5 Bxc5 46. a5
Bb4 47. a6 Bc5 48. h4 Kxg6 0-1

[Event "Paul Keres mem (27th)"]
[Site "Vancouver CAN"]
[Date "2002.05.20"]
[Round "6.18"]
[White "Davies, Lucas"]
[Black "Salcedo, Daniel"]
[Result "0-1"]
[WhiteElo "1905"]
[BlackElo "2046"]
[PlyCount "48"]
[EventDate "2002.05.17"]
[EventType "swiss"]
[EventRounds "7"]
[EventCountry "CAN"]

1. e4 d6 2. d4 Nf6 3. Nc3 g6 4. h3 c6 5. g3 b5 6. a3 Qc7 7. Bg2 Bb7 8. Nge2 Bg7
9. O-O O-O 10. Be3 a6 11. Qd2 Re8 12. Rad1 Nbd7 13. f4 e6 14. g4 Nb6 15. b3 d5
16. f5 dxe4 17. fxg6 hxg6 18. Nxe4 Nxe4 19. Bxe4 e5 20. Bg2 Rad8 21. Qc1 exd4
22. Nxd4 c5 23. Nf3 Rxd1 24. Rxd1 Bxf3 0-1

[Event "Paul Keres mem (27th)"]
[Site "Vancouver CAN"]
[Date "2002.05.20"]
[Round "6.20"]
[White "McCusky, Louis"]
[Black "Harris, Philip"]
[Result "0-1"]
[WhiteElo "1576"]
[BlackElo "1982"]
[PlyCount "72"]
[EventDate "2002.05.17"]
[EventType "swiss"]
[EventRounds "7"]
[EventCountry "CAN"]

1. e4 c6 2. Nf3 d5 3. exd5 cxd5 4. d4 Nf6 5. g3 Nc6 6. Bg2 Bg4 7. O-O e6 8. c3
Bd6 9. Re1 O-O 10. Nbd2 a6 11. Nf1 b5 12. h3 Bh5 13. N1h2 Qc7 14. g4 Bg6 15.
Nf1 Rab8 16. Nh4 b4 17. Nxg6 hxg6 18. Bg5 a5 19. Bxf6 gxf6 20. Qf3 Kg7 21. Ng3
a4 22. Nh5+ gxh5 23. gxh5 f5 24. Qd3 a3 25. bxa3 bxc3 26. Bxd5 Ne7 27. Bb3 Rg8
28. Kf1 Kf6 29. Qe3 Bf4 30. Qd3 Bd2 31. Re5 Rbd8 32. Bc2 Qd7 33. Re4 fxe4 34.
Qxe4 Qxd4 35. Qf3+ Nf5 36. h6 Qc4+ 0-1

[Event "Paul Keres mem (27th)"]
[Site "Vancouver CAN"]
[Date "2002.05.20"]
[Round "6.21"]
[White "Long, Hugh"]
[Black "Daswani, Benedict"]
[Result "1-0"]
[WhiteElo "1943"]
[BlackElo "1784"]
[PlyCount "35"]
[EventDate "2002.05.17"]
[EventType "swiss"]
[EventRounds "7"]
[EventCountry "CAN"]

1. e4 c5 2. Nc3 d6 3. f4 g6 4. Nf3 Bg7 5. Bc4 e6 6. O-O Ne7 7. Qe1 Nbc6 8. a3
a6 9. d3 b5 10. Ba2 Bb7 11. Rb1 Rc8 12. f5 gxf5 13. exf5 Rg8 14. fxe6 f5 15.
Nd5 c4 16. Bg5 Bd4+ 17. Nxd4 Rxg5 18. Nf6+ 1-0

[Event "Paul Keres mem (27th)"]
[Site "Vancouver CAN"]
[Date "2002.05.20"]
[Round "6.22"]
[White "Leblanc, Paul"]
[Black "Sullivan, Brian"]
[Result "1-0"]
[WhiteElo "2050"]
[BlackElo "1866"]
[PlyCount "65"]
[EventDate "2002.05.17"]
[EventType "swiss"]
[EventRounds "7"]
[EventCountry "CAN"]

1. d4 Nf6 2. Nf3 d5 3. c3 Bf5 4. Qb3 Qc8 5. Bf4 e6 6. Nbd2 Be7 7. Nh4 Bg6 8.
Nxg6 hxg6 9. h3 Nbd7 10. e3 Ng4 11. Be2 f5 12. Bxg4 fxg4 13. Qc2 Kf7 14. O-O-O
g5 15. Bg3 Nf6 16. f3 gxh3 17. gxh3 c5 18. Be5 Nd7 19. f4 Rh6 20. Nf3 Qh8 21.
fxg5 Rxh3 22. Qg2 Rxh1 23. Rxh1 Qg8 24. g6+ Ke8 25. Bxg7 Qxg7 26. Rh7 Qg8 27.
g7 Qxh7 28. g8=Q+ Qxg8 29. Qxg8+ Nf8 30. Ne5 Kd8 31. Ng6 Kd7 32. Nxe7 Kxe7 33.
Qg7+ 1-0

[Event "Paul Keres mem (27th)"]
[Site "Vancouver CAN"]
[Date "2002.05.20"]
[Round "7.1"]
[White "Meng, Fanhao"]
[Black "Yoos, John"]
[Result "1/2-1/2"]
[WhiteElo "1999"]
[BlackElo "2430"]
[PlyCount "94"]
[EventDate "2002.05.17"]
[EventType "swiss"]
[EventRounds "7"]
[EventCountry "CAN"]

1. e4 c5 2. c3 Nf6 3. e5 Nd5 4. d4 cxd4 5. cxd4 e6 6. Nc3 Nxc3 7. bxc3 Qc7 8.
Bd2 b6 9. Nf3 Bb7 10. Bd3 d6 11. O-O Nd7 12. exd6 Bxd6 13. Re1 a6 14. Be4 Bxe4
15. Rxe4 Nf6 16. Re1 O-O 17. Qb3 Rfc8 18. Rac1 b5 19. a4 Qc6 20. axb5 axb5 21.
Rb1 Rab8 22. Ne5 Bxe5 23. Rxe5 Nd5 24. h3 Qc4 25. Qxc4 bxc4 26. Ree1 Kf8 27.
Kf1 Ke8 28. Rec1 Kd7 29. Ke1 Kc6 30. Kd1 Ra8 31. Ra1 Rcb8 32. Kc2 Re8 33. Rxa8
Rxa8 34. Kb2 Nf6 35. Re1 Ra5 36. Bf4 Rf5 37. Be3 Nd5 38. Re2 Nb6 39. Re1 Nd5
40. Re2 h5 41. Kc2 Kb5 42. Bc1 Ka4 43. f3 Rf6 44. Re5 Rg6 45. g4 hxg4 46. hxg4
Rf6 47. f4 g6 1/2-1/2

[Event "Paul Keres mem (27th)"]
[Site "Vancouver CAN"]
[Date "2002.05.20"]
[Round "7.2"]
[White "Orlov, Georgi"]
[Black "Harper, Bruce"]
[Result "1-0"]
[WhiteElo "2591"]
[BlackElo "2335"]
[PlyCount "49"]
[EventDate "2002.05.17"]
[EventType "swiss"]
[EventRounds "7"]
[EventCountry "CAN"]

1. d4 g6 2. c4 d6 3. Nc3 Bg7 4. e4 Nd7 5. f4 c5 6. d5 Bxc3+ 7. bxc3 Ngf6 8. Bd3
b5 9. cxb5 Qa5 10. Ne2 c4 11. Bc2 Nc5 12. e5 Nfd7 13. O-O O-O 14. exd6 exd6 15.
f5 Bb7 16. Bh6 Rfe8 17. Qd4 Re5 18. fxg6 hxg6 19. Bxg6 fxg6 20. Qg4 Re7 21.
Qxg6+ Kh8 22. Be3 Nd3 23. Rf5 Rh7 24. Bd4+ N3e5 25. Qxd6 1-0

[Event "Paul Keres mem (27th)"]
[Site "Vancouver CAN"]
[Date "2002.05.20"]
[Round "7.3"]
[White "Beqo, Nick"]
[Black "Stanford, Mike"]
[Result "1-0"]
[WhiteElo "2151"]
[BlackElo "2165"]
[PlyCount "76"]
[EventDate "2002.05.17"]
[EventType "swiss"]
[EventRounds "7"]
[EventCountry "CAN"]

1. d4 d5 2. Nf3 Nf6 3. Bf4 c6 4. c3 Bf5 5. e3 Qb6 6. Qb3 Nbd7 7. Nbd2 e6 8. h3
h6 9. c4 dxc4 10. Bxc4 Qxb3 11. Bxb3 Nb6 12. O-O Be7 13. Ne5 O-O 14. f3 Nfd5
15. Bxh6 gxh6 16. e4 Bh7 17. exd5 cxd5 18. f4 Bd6 19. Ng4 Kg7 20. Ne3 Be7 21.
Nf3 Rac8 22. f5 Nc4 23. Bxc4 dxc4 24. Ne5 Bg5 25. N3xc4 Bxf5 26. Rxf5 exf5 27.
Nd6 Rc1+ 28. Rxc1 Bxc1 29. Nxf5+ Kh7 30. Nd3 Rc8 31. b4 Bg5 32. h4 Bf6 33. d5
Rd8 34. d6 Kg6 35. g4 Bg7 36. Nc5 b6 37. Ne4 Bf8 38. h5+ Kh7 1-0

[Event "Paul Keres mem (27th)"]
[Site "Vancouver CAN"]
[Date "2002.05.20"]
[Round "7.5"]
[White "Jiganchine, Roman"]
[Black "Boehmer, Kris"]
[Result "1/2-1/2"]
[WhiteElo "2224"]
[BlackElo "2110"]
[PlyCount "37"]
[EventDate "2002.05.17"]
[EventType "swiss"]
[EventRounds "7"]
[EventCountry "CAN"]

1. e4 c5 2. Nf3 Nc6 3. d4 cxd4 4. Nxd4 g6 5. c4 Bg7 6. Be3 Nf6 7. Nc3 Ng4 8.
Qxg4 Nxd4 9. Qd1 Ne6 10. Be2 Bxc3+ 11. bxc3 Qa5 12. Qd2 O-O 13. O-O d6 14. Bh6
Rd8 15. f4 Nc5 16. Qd4 Ne6 17. Qd2 Nc5 18. Qd4 Ne6 19. Qd2 1/2-1/2

[Event "Paul Keres mem (27th)"]
[Site "Vancouver CAN"]
[Date "2002.05.20"]
[Round "7.6"]
[White "Pacheco, Sigfrido"]
[Black "Fletcher, David"]
[Result "1/2-1/2"]
[WhiteElo "1944"]
[BlackElo "2137"]
[PlyCount "41"]
[EventDate "2002.05.17"]
[EventType "swiss"]
[EventRounds "7"]
[EventCountry "CAN"]

1. d4 d5 2. c4 e6 3. Nc3 f5 4. Nf3 c6 5. e3 Nf6 6. Bd3 Bd6 7. Bd2 O-O 8. Qe2
Ne4 9. Ne5 Nd7 10. Nxd7 Bxd7 11. O-O-O a5 12. f3 Nxd2 13. Rxd2 dxc4 14. Bxc4 b5
15. Bd3 b4 16. Nd1 Qe7 17. Kb1 e5 18. Bc4+ Be6 19. e4 fxe4 20. Bxe6+ Qxe6 21.
Qxe4 1/2-1/2

[Event "Paul Keres mem (27th)"]
[Site "Vancouver CAN"]
[Date "2002.05.20"]
[Round "7.7"]
[White "Fullbrook, Nigel"]
[Black "Milicevic, Dragoljub"]
[Result "1-0"]
[WhiteElo "2207"]
[BlackElo "2277"]
[PlyCount "81"]
[EventDate "2002.05.17"]
[EventType "swiss"]
[EventRounds "7"]
[EventCountry "CAN"]

1. e4 d5 2. exd5 Nf6 3. d4 Nxd5 4. c4 Nb6 5. Nc3 g6 6. c5 N6d7 7. Bc4 Bg7 8.
Nf3 O-O 9. h4 h5 10. g4 hxg4 11. Ng5 Nf6 12. Be3 c6 13. Qb3 e6 14. O-O-O b5 15.
Be2 a5 16. Qc2 Na6 17. h5 Nb4 18. Qb1 Nfd5 19. hxg6 f5 20. Nf7 Rxf7 21. gxf7+
Kxf7 22. Bxg4 Nxe3 23. Bh5+ Kf8 24. fxe3 Qg5 25. Rh3 e5 26. Ne2 Be6 27. Rg1
Nxa2+ 28. Kd2 Qe7 29. Rf3 Rd8 30. Ke1 Qh4+ 31. Rfg3 Bh6 32. Bf3 Bxe3 33. Rh1
Qf6 34. d5 Nb4 35. dxe6 e4 36. Rh7 Nd3+ 37. Kf1 Nf2 38. Bh5 Rd1+ 39. Qxd1 Nxd1
40. e7+ Qxe7 41. Rh8# 1-0

[Event "Paul Keres mem (27th)"]
[Site "Vancouver CAN"]
[Date "2002.05.20"]
[Round "7.8"]
[White "North, Robert"]
[Black "Pupols, Viktors"]
[Result "1-0"]
[WhiteElo "2125"]
[BlackElo "2261"]
[PlyCount "83"]
[EventDate "2002.05.17"]
[EventType "swiss"]
[EventRounds "7"]
[EventCountry "CAN"]

1. c4 Nf6 2. g3 g6 3. Bg2 Bg7 4. Nc3 O-O 5. e4 d6 6. Nge2 c5 7. O-O Nc6 8. h3
Rb8 9. d3 Nd4 10. Nxd4 cxd4 11. Ne2 Nd7 12. g4 b5 13. b3 bxc4 14. bxc4 Nc5 15.
Ng3 Qa5 16. a4 Qc3 17. Ra3 Rb3 18. Rxb3 Qxb3 19. Qxb3 Nxb3 20. Ba3 Bd7 21. f4
Rb8 22. e5 dxe5 23. Bxe7 exf4 24. Bd6 Rc8 25. Bd5 Be6 26. Bxf4 Nc5 27. Be4 Nxa4
28. Bb7 Rd8 29. Ne4 Nc3 30. Re1 h6 31. c5 Nd5 32. Bd6 h5 33. Ng5 Nb4 34. Nxe6
fxe6 35. Rxe6 a5 36. c6 Nd5 37. c7 Nxc7 38. Bxc7 Rd7 39. Rc6 a4 40. Ba6 hxg4
41. hxg4 Kh7 42. Bd6 1-0

[Event "Paul Keres mem (27th)"]
[Site "Vancouver CAN"]
[Date "2002.05.20"]
[Round "7.9"]
[White "Mandic, Slaven"]
[Black "Wu, Howard"]
[Result "0-1"]
[WhiteElo "2079"]
[BlackElo "2222"]
[PlyCount "82"]
[EventDate "2002.05.17"]
[EventType "swiss"]
[EventRounds "7"]
[EventCountry "CAN"]

1. b3 c5 2. Bb2 Nc6 3. e3 Nf6 4. f4 d5 5. Nf3 g6 6. Bb5 Bg7 7. O-O O-O 8. Bxc6
bxc6 9. Ne5 Qb6 10. d3 Ng4 11. Qe2 Nxe5 12. fxe5 c4 13. Nd2 cxd3 14. cxd3 a5
15. Rfc1 Bg4 16. Qf2 Bd7 17. d4 f6 18. Qg3 fxe5 19. dxe5 Bf5 20. Bd4 Qc7 21.
Rc5 Qd7 22. Rac1 Rfc8 23. a4 Ra6 24. h4 Bf8 25. h5 e6 26. hxg6 Bxg6 27. Nf3
Bxc5 28. Bxc5 Raa8 29. Nh2 Qg7 30. Ng4 Kh8 31. Nf6 Rab8 32. Rc3 Bf5 33. Qh4 Be4
34. Nxe4 dxe4 35. Be7 Qg6 36. Rc4 h5 37. Rxe4 Rg8 38. Bf6+ Kh7 39. Kf1 Qxg2+
40. Ke1 Qg3+ 41. Qxg3 Rxg3 0-1

[Event "Paul Keres mem (27th)"]
[Site "Vancouver CAN"]
[Date "2002.05.20"]
[Round "7.10"]
[White "Spears, Nicholas"]
[Black "Chapman, Erik"]
[Result "1-0"]
[WhiteElo "2215"]
[BlackElo "2055"]
[PlyCount "63"]
[EventDate "2002.05.17"]
[EventType "swiss"]
[EventRounds "7"]
[EventCountry "CAN"]

1. Nf3 c5 2. c4 Nc6 3. d4 cxd4 4. Nxd4 Qb6 5. Nxc6 bxc6 6. g3 Qb4+ 7. Nd2 g6 8.
Bg2 Bg7 9. O-O Ba6 10. a3 Qd6 11. Qa4 Bb7 12. Ne4 Qc7 13. Bf4 e5 14. Be3 f5 15.
Nc5 Nf6 16. Nxb7 Qxb7 17. Bc5 Kf7 18. Bd6 Rhe8 19. Rad1 e4 20. f3 Qxb2 21. fxe4
Nxe4 22. c5 Qb5 23. Qxb5 cxb5 24. g4 Rac8 25. gxf5 Nxc5 26. Bd5+ Kf6 27. fxg6+
Kxg6 28. Bf7+ Kg5 29. Bxe8 Rxe8 30. Bxc5 Rxe2 31. Rf2 Re4 32. Rg2+ 1-0

[Event "Paul Keres mem (27th)"]
[Site "Vancouver CAN"]
[Date "2002.05.20"]
[Round "7.11"]
[White "Salcedo, Daniel"]
[Black "Wright, Stephen"]
[Result "1/2-1/2"]
[WhiteElo "2046"]
[BlackElo "2154"]
[PlyCount "58"]
[EventDate "2002.05.17"]
[EventType "swiss"]
[EventRounds "7"]
[EventCountry "CAN"]

1. d4 f5 2. Nf3 Nf6 3. e3 g6 4. b4 Bg7 5. Bc4 d5 6. Bb3 c6 7. O-O a5 8. bxa5
Qxa5 9. c4 O-O 10. Bd2 Qd8 11. Nc3 Be6 12. Ng5 Bf7 13. cxd5 cxd5 14. Qe2 e6 15.
Rac1 Nc6 16. Na4 Nd7 17. f4 Qe7 18. Qb5 Rfb8 19. Nb6 Nxb6 20. Qxb6 h6 21. Nf3
Be8 22. Ne5 Bf8 23. Nd3 Ra6 24. Qc5 Qf6 25. Qc2 Ba3 26. Rb1 Raa8 27. Bc3 Qe7
28. Qd2 b6 29. Bb2 Bd6 1/2-1/2

[Event "Paul Keres mem (27th)"]
[Site "Vancouver CAN"]
[Date "2002.05.20"]
[Round "7.12"]
[White "Tang, Edward"]
[Black "Oszvald, Joseph"]
[Result "0-1"]
[WhiteElo "1825"]
[BlackElo "2156"]
[PlyCount "82"]
[EventDate "2002.05.17"]
[EventType "swiss"]
[EventRounds "7"]
[EventCountry "CAN"]

1. e4 c5 2. Nf3 d6 3. d4 cxd4 4. Nxd4 Nf6 5. Nc3 g6 6. Be3 Bg7 7. f3 O-O 8. Qd2
Nc6 9. O-O-O d5 10. Qe1 e5 11. Nxc6 bxc6 12. exd5 cxd5 13. Bg5 d4 14. Ne4 Qb6
15. Nxf6+ Bxf6 16. Bxf6 Qxf6 17. h4 h5 18. Kb1 Bf5 19. Rg1 Rfc8 20. Bd3 Rab8
21. Bxf5 Qxf5 22. Qe4 Qxe4 23. fxe4 f5 24. Rde1 Rc5 25. Rgf1 Rf8 26. c3 dxc3
27. bxc3 f4 28. Kc2 Rfc8 29. Rf3 Ra5 30. Ra1 Ra4 31. g3 Rxe4 32. gxf4 exf4 33.
Raf1 Rec4 34. Kb2 Rf8 35. Kb3 Re4 36. c4 Rf5 37. Kb4 a5+ 38. Kc3 Rc5 39. Rg1
Rcxc4+ 40. Kb3 a4+ 41. Ka3 Kf7 0-1

[Event "Paul Keres mem (27th)"]
[Site "Vancouver CAN"]
[Date "2002.05.20"]
[Round "7.13"]
[White "Pechisker, Alfred"]
[Black "Schuetzhold, Ralf"]
[Result "1/2-1/2"]
[WhiteElo "2106"]
[BlackElo "2153"]
[PlyCount "60"]
[EventDate "2002.05.17"]
[EventType "swiss"]
[EventRounds "7"]
[EventCountry "CAN"]

1. d4 e6 2. c4 f5 3. g3 d5 4. Bg2 Nf6 5. Nf3 c6 6. O-O Bd6 7. b3 O-O 8. Ba3
Bxa3 9. Nxa3 Nbd7 10. cxd5 exd5 11. e3 Ne4 12. Nb1 Ndf6 13. Nbd2 Qe7 14. Ne5
Bd7 15. Rc1 Ng4 16. Nxg4 Nxd2 17. Nh6+ gxh6 18. Qxd2 h5 19. h4 Kh8 20. Rc2 Rg8
21. Qe2 Be8 22. Kh2 Bg6 23. Rd2 Rae8 24. Qf3 Qb4 25. Rfd1 Re4 26. Rb2 Qa3 27.
Rdd2 Qd6 28. Kh1 Rge8 29. b4 a6 30. a4 Qd7 1/2-1/2

[Event "Paul Keres mem (27th)"]
[Site "Vancouver CAN"]
[Date "2002.05.20"]
[Round "7.14"]
[White "Stephens, Desmond"]
[Black "Maheux, Pierre"]
[Result "1/2-1/2"]
[WhiteElo "1787"]
[BlackElo "2007"]
[PlyCount "69"]
[EventDate "2002.05.17"]
[EventType "swiss"]
[EventRounds "7"]
[EventCountry "CAN"]

1. e4 c5 2. Nf3 Nc6 3. Nc3 g6 4. d4 cxd4 5. Nxd4 Bg7 6. Be3 Qa5 7. Be2 Nf6 8.
Nb3 Qc7 9. O-O O-O 10. f4 d6 11. Nd5 Nxd5 12. exd5 Na5 13. Nxa5 Qxa5 14. c3 Bf5
15. Bf3 Rfc8 16. Bd4 Bxd4+ 17. Qxd4 Qc5 18. Qxc5 Rxc5 19. Rfe1 Kf8 20. Re3 h5
21. Rae1 Re8 22. b3 b5 23. Kf2 e6 24. dxe6 Rxe6 25. Rxe6 Bxe6 26. Re3 a5 27.
Ke1 Bd5 28. Bxd5 Rxd5 29. Ke2 h4 30. Rd3 Rxd3 31. Kxd3 Ke7 32. Kd4 Ke6 33. c4
b4 34. g4 h3 35. Ke4 1/2-1/2

[Event "Paul Keres mem (27th)"]
[Site "Vancouver CAN"]
[Date "2002.05.20"]
[Round "7.15"]
[White "Long, Hugh"]
[Black "Yousefzadeh, Mehrdad"]
[Result "0-1"]
[WhiteElo "1943"]
[BlackElo "2041"]
[PlyCount "74"]
[EventDate "2002.05.17"]
[EventType "swiss"]
[EventRounds "7"]
[EventCountry "CAN"]

1. e4 Nf6 2. e5 Nd5 3. c4 Nb6 4. d4 d6 5. f4 dxe5 6. fxe5 Nc6 7. Be3 Bf5 8. a3
e6 9. Nf3 f6 10. Nc3 Qd7 11. Be2 O-O-O 12. O-O Bg4 13. d5 Bxf3 14. dxc6 Qe8 15.
cxb7+ Kb8 16. Qxd8+ Qxd8 17. Bxf3 Nxc4 18. Rad1 Qe8 19. Bf2 Nxe5 20. Be2 Bd6
21. Nb5 Qg6 22. Nxd6 cxd6 23. Rxd6 Kxb7 24. Rxe6 Rd8 25. Re7+ Rd7 26. Re6 Qc2
27. Ba6+ Kc7 28. Re8 Kd6 29. Be3 Qb3 30. Bd2 Qb6+ 31. Kh1 Qxa6 32. Bb4+ Kd5 33.
Rd1+ Ke4 34. Re1+ Kf5 35. h3 Kg6 36. Rg8 Qc4 37. Rb8 Nd3 0-1

[Event "Paul Keres mem (27th)"]
[Site "Vancouver CAN"]
[Date "2002.05.20"]
[Round "7.16"]
[White "Lee, Mau Seng"]
[Black "Fleming, Balin"]
[Result "1-0"]
[WhiteElo "2005"]
[BlackElo "1843"]
[PlyCount "29"]
[EventDate "2002.05.17"]
[EventType "swiss"]
[EventRounds "7"]
[EventCountry "CAN"]

1. Nf3 Nf6 2. Nc3 d6 3. e4 c5 4. d4 cxd4 5. Nxd4 g6 6. f3 Bg7 7. Be3 Nc6 8. Qd2
O-O 9. O-O-O d5 10. h4 dxe4 11. h5 exf3 12. hxg6 hxg6 13. gxf3 Nxd4 14. Bxd4
Bf5 15. Qh2 1-0

[Event "Paul Keres mem (27th)"]
[Site "Vancouver CAN"]
[Date "2002.05.20"]
[Round "7.17"]
[White "Harris, Philip"]
[Black "Leblanc, Paul"]
[Result "1-0"]
[WhiteElo "1982"]
[BlackElo "2050"]
[PlyCount "57"]
[EventDate "2002.05.17"]
[EventType "swiss"]
[EventRounds "7"]
[EventCountry "CAN"]

1. d4 d5 2. Nc3 Nf6 3. Bg5 Bf5 4. f3 Nbd7 5. Nxd5 Nxd5 6. e4 Bxe4 7. fxe4 N5b6
8. Nf3 h6 9. Bh4 g5 10. Bf2 e6 11. Bd3 Be7 12. a4 a5 13. O-O c5 14. c3 Qc7 15.
Bb5 O-O-O 16. b4 g4 17. Nd2 h5 18. Bg3 e5 19. bxc5 Na8 20. Rxf7 h4 21. Bxd7+
Qxd7 22. Bxe5 Rhf8 23. Qb3 Rxf7 24. Qxf7 Rf8 25. Qg7 Qe6 26. Rf1 Rxf1+ 27. Nxf1
Nc7 28. Ne3 Ne8 29. Qxg4 1-0

[Event "Paul Keres mem (27th)"]
[Site "Vancouver CAN"]
[Date "2002.05.20"]
[Round "7.18"]
[White "Steininger, Gavin"]
[Black "Zemitis, Valdemars"]
[Result "1-0"]
[WhiteElo "1815"]
[BlackElo "1841"]
[PlyCount "57"]
[EventDate "2002.05.17"]
[EventType "swiss"]
[EventRounds "7"]
[EventCountry "CAN"]

1. e4 e5 2. Nf3 f5 3. Nxe5 Qf6 4. d4 d6 5. Nc4 fxe4 6. Nc3 Qg6 7. Nd5 Qf7 8.
Nc3 Bf5 9. Ne3 c6 10. Nxf5 Qxf5 11. Be3 Nd7 12. d5 c5 13. Nb5 Kd8 14. c4 Nb6
15. b4 Nd7 16. Qa4 a6 17. Rb1 b6 18. bxc5 Nxc5 19. Bxc5 dxc5 20. Nc7 Ra7 21.
Ne6+ Ke7 22. Rxb6 e3 23. fxe3 Qe4 24. Qc6 Qxe3+ 25. Be2 Qc1+ 26. Kf2 Qxh1 27.
Qd6+ Kf6 28. Qxf8+ Ke5 29. Qf4# 1-0